000
00302nam a22001337a 4500
008
170831b xxu||||| |||| 00| 0 eng d
020
_a
9780312449018
041
_a
eng
080
_2
8TH
_a
070
100
_a
40
101
_a
MED
245
_a
NEWS REPORTING AND WRITING
_c
BROOKS,B.S
942
_2
udc
_c
BK
999
_c
25804
_d
25804